00226nam a22000977a 4500040000800000082001300008100002400021245002800045260004500073300001000118 cdlc a891.4394 aCol. Ashfaq Hussain aGentleman - Allah Allah aLahorebIdara e Matboaat Sulemanicc2008 a223;p